Vista normal
Vista MARC
Entrada Materia (personas)
Número de registros utilizados en: 1
001 - CONTROL NUMBER
- control field: 63088
003 - CONTROL NUMBER IDENTIFIER
- control field: Co-BoUCM
005 - DATE AND TIME OF LATEST TRANSACTION
- control field: 20140716134222.0
008 - FIXED-LENGTH DATA ELEMENTS
- fixed length control field: 140716|| aca||aabn | a|a d
040 ## - CATALOGING SOURCE
- Original cataloging agency: Co-BoUCM
- Transcribing agency: Co-BoUCM
100 ## - HEADING--PERSONAL NAME
- Personal name: González Gatica, Rodolfo
670 ## - SOURCE DATA FOUND
- Source citation: Work cat.: (Co-BoUCM)273635: González Gatica, Rodolfo, Creando valor con la gente , 2005